[Event "Reykjavik op 21st"]
[Site "Reykjavik"]
[Date "2004.03.15"]
[Round "8"]
[White "Lehikoinen, Pertti Ilari"]
[Black "Steindorsson, Sigurdur Pall"]
[Result "1/2-1/2"]
[WhiteElo "2234"]
[BlackElo "2218"]
[PlyCount "145"]
[EventDate "2004.03.07"]
[EventType "swiss"]
[EventRounds "9"]
[EventCountry "ISL"]
[SourceTitle "CBM 099 Extra"]
[Source "ChessBase"]
[SourceDate "2004.05.04"]
[SourceVersion "1"]
[SourceVersionDate "2004.05.04"]
[SourceQuality "1"]

1. d4 Nf6 2. c4 e6 3. Nf3 b6 4. g3 Bb7 5. Bg2 Be7 6. Nc3 0-0 7. Qc2 d5 8. cxd5 exd5 9. 0-0 Na6 10. Rd1 Qc8 11. Bf4 Rd8 12. Rac1 c5 13. Nb5 Ne4 14. Nc3 Qe6 15. dxc5 Nxc3 16. bxc3 bxc5 17. Ng5 Bxg5 18. Bxg5 f6 19. Bf4 Rd7 20. Rb1 Rad8 21. h4 Bc6 22. Kh2 Re7 23. Rb2 Kh8 24. Bh3 Qg8 25. Bg2 Qe8 26. Rdb1 Nc7 27. Bxc7 Rxc7 28. e3 g6 29. Qd3 Qe5 30. Rb8 Rxb8 31. Rxb8+ Kg7 32. Rd8 Qe7 33. Rb8 Qe5 34. Qd2 Rd7 35. Qb2 Qd6 36. Qb3 Rd8 37. Rxd8 Qxd8 38. Qb1 Qd7 39. Qb8 c4 40. Qf4 a5 41. g4 Qe7 42. g5 Qe5 43. Kg3 Kf7 44. Bh3 Be8 45. Qxe5 fxe5 46. Kf3 Ke7 47. Ke2 Kd6 48. f4 Bf7 49. f5 gxf5 50. Bxf5 Bg6 51. Bg4 Bb1 52. a3 d4 53. exd4 exd4 54. cxd4 c3 55. Bf3 Bf5 56. Kd1 Bd3 57. Kc1 c2 58. Kd2 Bf5 59. Bb7 Bg6 60. Bf3 Bf5 61. h5 Bd3 62. Bb7 Bf5 63. Ba6 Kd5 64. Bb5 Kxd4 65. Be8 Ke5 66. h6 Kf4 67. g6 Kg5 68. gxh7 Bxh7 69. Ba4 Kxh6 70. Bxc2 Bxc2 71. Kxc2 Kg7 72. Kb3 Kf7 73. a4 1/2-1/2

[Event "Reykjavik op 21st"]
[Site "Reykjavik"]
[Date "2004.03.11"]
[Round "5"]
[White "Ragnarsson, Johann Hjortur"]
[Black "Lehikoinen, Pertti Ilari"]
[Result "0-1"]
[WhiteElo "2122"]
[BlackElo "2234"]
[PlyCount "148"]
[EventDate "2004.03.07"]
[EventType "swiss"]
[EventRounds "9"]
[EventCountry "ISL"]
[SourceTitle "CBM 099 Extra"]
[Source "ChessBase"]
[SourceDate "2004.05.04"]
[SourceVersion "1"]
[SourceVersionDate "2004.05.04"]
[SourceQuality "1"]

1. d4 Nf6 2. c4 e6 3. g3 d5 4. Bg2 Be7 5. Nf3 0-0 6. 0-0 dxc4 7. Qc2 a6 8. a4 Nc6 9. Qxc4 Qd5 10. Qd3 Nb4 11. Qd1 Rd8 12. Bf4 Qd7 13. Nc3 c5 14. dxc5 Qc6 15. Qb1 Qxc5 16. Be3 Qh5 17. Bb6 Re8 18. Bd4 Nc6 19. Bb6 e5 20. Nd2 Bf5 21. Nde4 Nd4 22. Nxf6+ Bxf6 23. e4 Be6 24. Qd3 Rac8 25. Nd5 Qe2 26. Qxe2 Nxe2+ 27. Kh1 Rc2 28. Rab1 Rec8 29. h3 Nc1 30. Be3 Nd3 31. b4 Bd8 32. Kg1 f5 33. b5 Nc5 34. Rbc1 Nxe4 35. Rxc2 Rxc2 36. Bxe4 fxe4 37. Nb4 Rc4 38. bxa6 Rxb4 39. a7 Rxa4 40. Rd1 Bc7 41. Rc1 Bd8 42. Rd1 Be7 43. Rc1 Kf7 44. Bb6 Bd6 45. Rb1 Bd7 46. Kf1 Ke6 47. Rd1 Bb5+ 48. Kg2 Bc6 49. Kg1 Be7 50. Kf1 Bd5 51. Rc1 Bc6 52. Rd1 Bb5+ 53. Kg2 Bd6 54. Kg1 Ra2 55. g4 Be7 56. Rc1 Bc6 57. Rd1 Bh4 58. Kf1 Be7 59. Kg1 Kf6 60. Rc1 Ke6 61. Rd1 h6 62. Kf1 Bb5+ 63. Kg1 Bc4 64. Kh1 Bd6 65. Kg1 Kd7 66. Bc5 Bd3 67. Be3 b5 68. f3 Kc7 69. Rd2 Ra4 70. Kf2 b4 71. Kg3 b3 72. Kh4 Bb4 73. Rb2 Bc2 74. fxe4 Bc3 0-1

[Event "Reykjavik op 21st"]
[Site "Reykjavik"]
[Date "2004.03.09"]
[Round "3"]
[White "Thorhallsson, Throstur"]
[Black "Lehikoinen, Pertti Ilari"]
[Result "1-0"]
[WhiteElo "2459"]
[BlackElo "2234"]
[PlyCount "101"]
[EventDate "2004.03.07"]
[EventType "swiss"]
[EventRounds "9"]
[EventCountry "ISL"]
[SourceTitle "CBM 099 Extra"]
[Source "ChessBase"]
[SourceDate "2004.05.04"]
[SourceVersion "1"]
[SourceVersionDate "2004.05.04"]
[SourceQuality "1"]

1. e4 c5 2. Nf3 d6 3. d4 cxd4 4. Nxd4 Nf6 5. Nc3 a6 6. Bc4 e6 7. Bb3 b5 8. f3 Be7 9. Be3 Qc7 10. g4 0-0 11. Qd2 Bd7 12. Nce2 Nc6 13. g5 Nxd4 14. Bxd4 Ne8 15. h4 e5 16. Be3 Be6 17. h5 Qd7 18. Nc3 Bxb3 19. axb3 Nc7 20. 0-0-0 Rfb8 21. g6 Qe6 22. f4 fxg6 23. hxg6 hxg6 24. f5 gxf5 25. exf5 Qf7 26. Qh2 Kf8 27. Qg2 Kg8 28. Qh3 Kf8 29. Qg4 Ke8 30. Ne4 Nd5 31. Rxd5 Qxd5 32. f6 Bxf6 33. Nxf6+ gxf6 34. Rh8+ Ke7 35. Rh7+ Qf7 36. Rxf7+ Kxf7 37. Qd7+ Kg6 38. Qxd6 Rh8 39. Qd3+ Kg7 40. Qd7+ Kg6 41. Qg4+ Kf7 42. c4 Rh1+ 43. Kc2 Rah8 44. c5 R8h2+ 45. Bd2 Re1 46. c6 e4 47. Qd7+ Kg6 48. Kc3 Ree2 49. c7 b4+ 50. Kxb4 Rxd2 51. Qg4+ 1-0

[Event "Reykjavik op 21st"]
[Site "Reykjavik"]
[Date "2004.03.08"]
[Round "2"]
[White "Lehikoinen, Pertti Ilari"]
[Black "Gunnarsson, Runar"]
[Result "1-0"]
[WhiteElo "2234"]
[BlackElo "2016"]
[PlyCount "69"]
[EventDate "2004.03.07"]
[EventType "swiss"]
[EventRounds "9"]
[EventCountry "ISL"]
[SourceTitle "CBM 099 Extra"]
[Source "ChessBase"]
[SourceDate "2004.05.04"]
[SourceVersion "1"]
[SourceVersionDate "2004.05.04"]
[SourceQuality "1"]

1. d4 Nf6 2. c4 e6 3. Nf3 b6 4. g3 Bb7 5. Bg2 d5 6. 0-0 g6 7. Ne5 Bg7 8. Qa4+ c6 9. Nc3 0-0 10. Rd1 a6 11. cxd5 cxd5 12. Bg5 b5 13. Qb3 Qe7 14. e4 b4 15. exd5 bxc3 16. d6 Qxd6 17. Qxb7 cxb2 18. Rab1 Nbd7 19. Nxd7 Nxd7 20. Bf4 Qe7 21. Bc6 Rad8 22. Bc7 Rc8 23. Ba5 Qg5 24. Bd2 Qg4 25. Bxd7 Rb8 26. Qxa6 Bxd4 27. Bf4 Ra8 28. Qd3 Bf6 29. a4 Rfd8 30. Bc7 Rf8 31. Bb6 Qb4 32. Bd4 Bxd4 33. Qxd4 Qxd4 34. Rxd4 Rfd8 35. Rxb2 1-0

[Event "Rilton Cup 33rd"]
[Site "Stockholm"]
[Date "2004.01.05"]
[Round "9"]
[White "Miskulin, Dennis"]
[Black "Lehikoinen, Pertti Ilari"]
[Result "1-0"]
[WhiteElo "2156"]
[BlackElo "2235"]
[PlyCount "45"]
[EventDate "2003.12.27"]
[EventType "swiss"]
[EventRounds "9"]
[EventCountry "SWE"]
[SourceTitle "CBM 097 Extra"]
[Source "ChessBase"]
[SourceDate "2004.01.13"]
[SourceVersion "1"]
[SourceVersionDate "2004.01.13"]
[SourceQuality "1"]

1. e4 c5 2. Nf3 d6 3. d4 cxd4 4. Qxd4 Nc6 5. Bb5 Bd7 6. Bxc6 Bxc6 7. Nc3 e6 8. Bg5 Nf6 9. 0-0-0 Be7 10. Rhe1 0-0 11. Qd2 Qc7 12. Nd4 Rfd8 13. f3 a6 14. Kb1 b5 15. Nxc6 Qxc6 16. Ne2 a5 17. Nd4 Qb7 18. Qd3 Nxe4 19. Bxe7 Nc5 20. Qd2 Qxe7 21. Nc6 Qf6 22. Nxd8 Rxd8 23. Qxa5 1-0

[Event "Rilton Cup 33rd"]
[Site "Stockholm"]
[Date "2004.01.02"]
[Round "6"]
[White "Lehikoinen, Pertti Ilari"]
[Black "Poley, Vladimir"]
[Result "0-1"]
[WhiteElo "2235"]
[BlackElo "2425"]
[PlyCount "84"]
[EventDate "2003.12.27"]
[EventType "swiss"]
[EventRounds "9"]
[EventCountry "SWE"]
[SourceTitle "CBM 097 Extra"]
[Source "ChessBase"]
[SourceDate "2004.01.13"]
[SourceVersion "1"]
[SourceVersionDate "2004.01.13"]
[SourceQuality "1"]

1. d4 b5 2. e4 a6 3. Nf3 Bb7 4. Bd3 e6 5. 0-0 d6 6. Qe2 Nd7 7. c3 Be7 8. b3 Ngf6 9. Nbd2 e5 10. Bb2 0-0 11. dxe5 dxe5 12. c4 Nc5 13. Bc2 Re8 14. Bxe5 Ng4 15. Bg3 b4 16. h3 Nf6 17. Rad1 Nh5 18. Bh2 g6 19. Rfe1 a5 20. Qe3 a4 21. Ne5 Ra5 22. Ng4 Bg5 23. f4 Be7 24. Kh1 Qa8 25. Qd4 f6 26. Ne3 Ne6 27. Qd7 Bd6 28. e5 Re7 29. Qxa4 fxe5 30. fxe5 Bc5 31. Nd5 Rxa4 32. bxa4 Rf7 33. Ne4 Bf2 34. Re2 Nd4 35. Rxf2 Rxf2 36. Nxf2 Nxc2 37. Ne4 Ne3 38. Ndf6+ Nxf6 39. Nxf6+ Kf7 40. Rd7+ Ke6 41. Rxc7 Bxg2+ 42. Kg1 Qf3 0-1

[Event "FIN-chT1B 0304"]
[Site "Finland"]
[Date "2003.11.16"]
[Round "4.2"]
[White "Lehikoinen, Pertti Ilari"]
[Black "Virtanen, Antti"]
[Result "0-1"]
[WhiteElo "2253"]
[BlackElo "2327"]
[PlyCount "68"]
[EventDate "2003.09.??"]
[EventType "team-tourn"]
[EventRounds "7"]
[EventCountry "FIN"]
[SourceTitle "EXT 2022"]
[Source "ChessBase"]
[SourceDate "2021.10.06"]
[SourceVersion "1"]
[SourceVersionDate "2021.10.06"]
[SourceQuality "1"]
[WhiteTeam "Helsinki SSK"]
[BlackTeam "Hyvinkaa SK"]
[WhiteTeamCountry "FIN"]
[BlackTeamCountry "FIN"]

1. d4 Nf6 2. c4 g6 3. Nc3 Bg7 4. e4 d6 5. Be2 0-0 6. Nf3 e5 7. 0-0 Nc6 8. d5 Ne7 9. a4 a5 10. b3 Nd7 11. Ne1 Nc5 12. Ba3 b6 13. b4 axb4 14. Bxb4 f5 15. f3 Bd7 16. a5 Na6 17. Ba3 bxa5 18. c5 Nxc5 19. Bxc5 dxc5 20. d6 cxd6 21. Qxd6 Bc6 22. Qe6+ Kh8 23. Rd1 Qc7 24. Nb5 Bxb5 25. Bxb5 Rad8 26. Nc2 Rf6 27. Rxd8+ Qxd8 28. Qxe5 Rc6 29. Qf4 Rd6 30. e5 Rd2 31. Qc4 Bxe5 32. Qxc5 Rd5 33. Qc4 Qb6+ 34. Kh1 Qxb5 0-1

[Event "Biel MTO op"]
[Site "Biel"]
[Date "2003.07.21"]
[Round "1"]
[White "Tkachiev, Vladislav"]
[Black "Lehikoinen, Pertti Ilari"]
[Result "1-0"]
[WhiteElo "2654"]
[BlackElo "2253"]
[PlyCount "37"]
[EventDate "2003.07.19"]
[EventType "swiss"]
[EventRounds "11"]
[EventCountry "SUI"]
[SourceTitle "CBM 095 Extra"]
[Source "ChessBase"]
[SourceDate "2003.09.04"]
[SourceVersion "1"]
[SourceVersionDate "2003.09.04"]
[SourceQuality "1"]

1. d4 Nf6 2. c4 e6 3. Nf3 b6 4. g3 Ba6 5. Qb3 d5 6. cxd5 exd5 7. Nc3 Be7 8. Bg2 0-0 9. 0-0 Re8 10. Rd1 Bf8 11. Ne5 c6 12. e4 Bb7 13. Bg5 h6 14. exd5 cxd5 15. Bxf6 gxf6 16. Ng4 Nd7 17. Bxd5 Bxd5 18. Qxd5 Bg7 19. Qh5 1-0

[Event "FIN-chT 0203 qual2"]
[Site "Finland"]
[Date "2003.??.??"]
[Round "1.3"]
[White "Lehikoinen, Pertti Ilari"]
[Black "Kauko, Jussi Matti"]
[Result "1/2-1/2"]
[WhiteElo "2262"]
[BlackElo "2264"]
[PlyCount "40"]
[EventDate "2003.??.??"]
[EventType "team-match"]
[EventRounds "1"]
[EventCountry "FIN"]
[SourceTitle "EXT 2022"]
[Source "ChessBase"]
[SourceDate "2021.10.06"]
[SourceVersion "1"]
[SourceVersionDate "2021.10.06"]
[SourceQuality "1"]
[WhiteTeam "Helsinki SSK"]
[BlackTeam "Vammala SK"]
[WhiteTeamCountry "FIN"]
[BlackTeamCountry "FIN"]

1. d4 Nf6 2. c4 c5 3. d5 e6 4. Nc3 exd5 5. cxd5 d6 6. e4 g6 7. Nf3 Bg7 8. Be2 0-0 9. 0-0 Re8 10. Nd2 a6 11. a4 Nbd7 12. Re1 Ne5 13. f4 Neg4 14. Bf3 Nxe4 15. Rxe4 Bd4+ 16. Rxd4 cxd4 17. Nce4 f5 18. Ng5 Ne3 19. Qb3 b5 20. axb5 Rb8 1/2-1/2

[Event "FIN-chT1B 0203"]
[Site "Finland"]
[Date "2002.10.??"]
[Round "1.3"]
[White "Lehikoinen, Pertti Ilari"]
[Black "Virtanen, Antti"]
[Result "0-1"]
[WhiteElo "2262"]
[BlackElo "2315"]
[PlyCount "83"]
[EventDate "2002.10.??"]
[EventType "team-tourn"]
[EventRounds "11"]
[EventCountry "FIN"]
[SourceTitle "EXT 2022"]
[Source "ChessBase"]
[SourceDate "2021.10.06"]
[SourceVersion "1"]
[SourceVersionDate "2021.10.06"]
[SourceQuality "1"]
[WhiteTeam "Helsinki SSK"]
[BlackTeam "Hyvinkaa SK"]
[WhiteTeamCountry "FIN"]
[BlackTeamCountry "FIN"]

1. d4 Nf6 2. c4 g6 3. Nc3 Bg7 4. e4 d6 5. Be2 0-0 6. Nf3 Bg4 7. 0-0 Nfd7 8. Be3 Nc6 9. Ne1 Bxe2 10. Nxe2 Na5 11. Rc1 c5 12. Qd2 cxd4 13. Bxd4 Nf6 14. f3 Rc8 15. b3 Nc6 16. Be3 e6 17. Rd1 Rc7 18. Nc3 Rd7 19. Nc2 Qa5 20. Na4 Qh5 21. Na3 Rfd8 22. Qf2 b6 23. Qc2 Ne5 24. Bf4 g5 25. Bg3 Qg6 26. Nb5 Nh5 27. Bf2 g4 28. Nxa7 Nxf3+ 29. Kh1 Nxh2 30. Rfe1 Be5 31. Nc6 Ng3+ 32. Bxg3 Qh5 33. Kg1 Bxg3 34. Re3 Bf4 35. Red3 g3 36. Nxd8 Rxd8 37. c5 Ng4 38. Rf3 Qh2+ 39. Kf1 Qh1+ 40. Ke2 Qxg2+ 41. Ke1 Qxf3 42. Qe2 0-1

[Event "Helsinki Chess Circuit-A 2nd"]
[Site "Helsinki"]
[Date "2002.03.08"]
[Round "11"]
[White "Slapikas, Vytautas"]
[Black "Lehikoinen, Pertti Ilari"]
[Result "1-0"]
[WhiteElo "2410"]
[BlackElo "2229"]
[PlyCount "83"]
[EventDate "2002.02.25"]
[EventType "tourn"]
[EventRounds "11"]
[EventCountry "FIN"]
[EventCategory "4"]
[SourceTitle "CBM 086 Extra"]
[Source "ChessBase"]
[SourceDate "2002.03.14"]
[SourceVersion "1"]
[SourceVersionDate "2002.03.14"]
[SourceQuality "1"]

1. e4 c5 2. Nf3 d6 3. c3 Nf6 4. Bd3 Nc6 5. Bc2 Bg4 6. d3 e6 7. Nbd2 Be7 8. h3 Bh5 9. Nf1 d5 10. Qe2 dxe4 11. dxe4 0-0 12. Ng3 Bg6 13. e5 Nd7 14. Bxg6 hxg6 15. 0-0 Qc7 16. Re1 Rfd8 17. Bf4 a6 18. a4 Rab8 19. Qe4 b5 20. axb5 axb5 21. Ra6 Rb6 22. Rxb6 Qxb6 23. Bg5 Nf8 24. Qf4 Nh7 25. Ne4 Qc7 26. Bxe7 Nxe7 27. Nd6 Nd5 28. Qh4 Rb8 29. Ra1 Ndf6 30. Ra6 Ne8 31. Ne4 Rd8 32. Kh2 Rc8 33. Qf4 Nf8 34. Nfg5 f5 35. Nd6 Nxd6 36. Rxd6 Rd8 37. Nxe6 Nxe6 38. Rxe6 Kf7 39. Rf6+ Kg8 40. Rxg6 Re8 41. Rd6 Qe7 42. Rd5 1-0

[Event "Helsinki Chess Circuit-A 2nd"]
[Site "Helsinki"]
[Date "2002.03.04"]
[Round "7"]
[White "Porrasmaa, Timo"]
[Black "Lehikoinen, Pertti Ilari"]
[Result "0-1"]
[WhiteElo "2220"]
[BlackElo "2229"]
[PlyCount "66"]
[EventDate "2002.02.25"]
[EventType "tourn"]
[EventRounds "11"]
[EventCountry "FIN"]
[EventCategory "4"]
[SourceTitle "CBM 086 Extra"]
[Source "ChessBase"]
[SourceDate "2002.03.14"]
[SourceVersion "1"]
[SourceVersionDate "2002.03.14"]
[SourceQuality "1"]

1. Nf3 d5 2. c4 d4 3. g3 Nc6 4. Bg2 e5 5. 0-0 Nf6 6. d3 a5 7. e3 dxe3 8. Bxe3 Be7 9. Nc3 0-0 10. h3 Bf5 11. d4 exd4 12. Nxd4 Nxd4 13. Qxd4 Qc8 14. g4 Bg6 15. Rfe1 Rd8 16. Nd5 Nxd5 17. cxd5 Bd6 18. Rac1 Qd7 19. Bd2 c5 20. Qc3 b6 21. Qf3 Qc7 22. Bc3 Re8 23. a3 h6 24. b3 Rad8 25. Ba1 Bf4 26. Rcd1 Qd6 27. Bb2 f6 28. Ra1 Bf7 29. Rxe8+ Rxe8 30. Rd1 Bg6 31. Qc3 Re2 32. Ba1 Ra2 33. Bb2 Be5 0-1

[Event "Helsinki-ch"]
[Site "Helsinki"]
[Date "1999.??.??"]
[Round "1"]
[White "Lehikoinen, Pertti Ilari"]
[Black "Tiitta, Sauli"]
[Result "0-1"]
[WhiteElo "2235"]
[BlackElo "2193"]
[PlyCount "80"]
[EventDate "1999.??.??"]
[EventType "tourn"]
[EventRounds "9"]
[EventCountry "FIN"]
[SourceTitle "EXT 2002"]
[Source "ChessBase"]
[SourceDate "2001.11.25"]
[SourceVersion "1"]
[SourceVersionDate "2001.11.25"]
[SourceQuality "1"]

1. d4 d5 2. c4 dxc4 3. e4 c5 4. d5 b5 5. a4 Nf6 6. Qc2 Na6 7. Bd2 Nb4 8. Bxb4 cxb4 9. axb5 e6 10. Bxc4 exd5 11. Bxd5 Nxd5 12. Qc6+ Bd7 13. Qxd5 Rc8 14. Ne2 Bc5 15. Qe5+ Kf8 16. Nd2 Bxb5 17. Rc1 Qd3 18. Nf4 Bxf2+ 19. Kxf2 Qxd2+ 20. Kf3 Rxc1 21. Rxc1 Qxc1 22. Qd6+ Ke8 23. Qb8+ Kd7 24. Qxb5+ Qc6 25. Qf5+ Kd8 26. Qxf7 Re8 27. Nd5 Qd7 28. Qf4 Kc8 29. Qc1+ Kb7 30. Qc5 Rb8 31. Qxb4+ Ka8 32. Qc3 Rc8 33. Qa5 Qf7+ 34. Ke3 Qb7 35. b4 Qc6 36. Qa1 Qh6+ 37. Kd3 Rc1 38. Qe5 Rd1+ 39. Kc4 Qc6+ 40. Kb3 Rb1+ 0-1

[Event "Gausdal Eikrem Memorial"]
[Site "Gausdal"]
[Date "1998.08.08"]
[Round "8"]
[White "Dannevig, Oystein"]
[Black "Lehikoinen, Pertti Ilari"]
[Result "1-0"]
[WhiteElo "2340"]
[BlackElo "2235"]
[PlyCount "81"]
[EventDate "1998.08.01"]
[EventType "swiss"]
[EventRounds "9"]
[EventCountry "NOR"]
[SourceTitle "EXT 1999"]
[Source "ChessBase"]
[SourceDate "1998.11.16"]
[SourceVersion "1"]
[SourceVersionDate "1998.11.16"]
[SourceQuality "1"]

1. Nf3 d5 2. g3 Nf6 3. Bg2 c6 4. 0-0 Bg4 5. d3 Nbd7 6. Qe1 e5 7. e4 dxe4 8. dxe4 Bxf3 9. Bxf3 Bc5 10. a4 0-0 11. a5 Qe7 12. Nd2 b5 13. Nb3 Bd6 14. Be3 c5 15. c4 Rab8 16. Qc1 Qe6 17. Qc2 b4 18. Rad1 Rbc8 19. Rd3 Rc6 20. Rfd1 Rfc8 21. Bg2 Nf8 22. f3 R8c7 23. Bf1 Be7 24. Rd5 Qc8 25. Rxe5 Ng6 26. Rf5 Rd6 27. Bh3 Qf8 28. e5 Rxd1+ 29. Qxd1 Nd7 30. Qd5 Ndxe5 31. Rxe5 Nxe5 32. Qxe5 Bd6 33. Qd5 h6 34. Nd2 Qe8 35. Ne4 Bf8 36. Bxh6 Qa4 37. Nf6+ gxf6 38. Qd8 Rc8 39. Bxc8 Qa1+ 40. Kg2 Qxb2+ 41. Kh3 1-0

[Event "Gausdal Eikrem Memorial"]
[Site "Gausdal"]
[Date "1998.08.07"]
[Round "7"]
[White "Lehikoinen, Pertti Ilari"]
[Black "Lomo, Markus"]
[Result "1-0"]
[WhiteElo "2235"]
[BlackElo "2020"]
[PlyCount "81"]
[EventDate "1998.08.01"]
[EventType "swiss"]
[EventRounds "9"]
[EventCountry "NOR"]
[SourceTitle "EXT 1999"]
[Source "ChessBase"]
[SourceDate "1998.11.16"]
[SourceVersion "1"]
[SourceVersionDate "1998.11.16"]
[SourceQuality "1"]

1. d4 d5 2. c4 c6 3. Nc3 Nf6 4. e3 g6 5. Nf3 Bg7 6. Bd3 Bg4 7. h3 Bxf3 8. Qxf3 e6 9. 0-0 0-0 10. b3 Nbd7 11. Bb2 Re8 12. Rad1 Qe7 13. Qe2 dxc4 14. bxc4 e5 15. Qc2 exd4 16. exd4 Nb6 17. Qb3 Rad8 18. a4 Nh5 19. Ne2 Qc7 20. Bc1 Rd7 21. Be3 Kh8 22. Rd2 f5 23. d5 cxd5 24. cxd5 Red8 25. Bb5 Rd6 26. Nf4 Qf7 27. Ne6 Rc8 28. Bc5 Rxc5 29. Nxc5 Nf6 30. Rfd1 Nc8 31. Re2 b6 32. Ne6 Ne4 33. Rc1 Ne7 34. Rc7 Be5 35. Rxa7 Qf6 36. Rc2 Nc5 37. Ra8+ Ng8 38. Nxc5 bxc5 39. Rxc5 Bf4 40. Rcc8 Qa1+ 41. Bf1 1-0

[Event "VISA GP"]
[Site "Reykjavik"]
[Date "1998.03.17"]
[Round "8"]
[White "Lehikoinen, Pertti Ilari"]
[Black "Petermann, Hubert"]
[Result "0-1"]
[WhiteElo "2250"]
[BlackElo "2125"]
[PlyCount "58"]
[EventDate "1998.03.10"]
[EventType "swiss"]
[EventRounds "9"]
[EventCountry "ISL"]
[SourceTitle "CBM 064"]
[Source "ChessBase"]
[SourceDate "1998.06.02"]
[SourceVersion "1"]
[SourceVersionDate "1998.06.02"]
[SourceQuality "1"]

1. d4 Nf6 2. c4 g6 3. Nc3 Bg7 4. e4 0-0 5. Be3 d6 6. f3 Nc6 7. Nge2 e5 8. d5 Ne7 9. Qd2 Ne8 10. g4 f5 11. h3 a6 12. 0-0-0 b5 13. cxb5 axb5 14. Nxb5 Rxa2 15. Kb1 Ra8 16. Rc1 fxe4 17. fxe4 Bd7 18. Nxc7 Nxc7 19. Bb6 Qb8 20. Bxc7 Qa7 21. Qb4 Qa2+ 22. Kc2 Ba4+ 23. Kd3 Rf3+ 24. Kd2 Bh6+ 25. Ke1 Bxc1 26. Nxc1 Qb1 27. Ke2 Qxc1 28. Kxf3 Rf8+ 29. Kg2 Qc2+ 0-1